Statistics for European Countries English To Turkish

Click here to take the quiz!

General Stats

  • This quiz has been taken 458 times
    (456 since last reset)
  • The average score is 42 of 45

Answer Stats

EnglishTürkçe% Correct
FranceFransa
100%
GermanyAlmanya
99%
Spainİspanya
99%
Italyİtalya
98%
PortugalPortekiz
98%
BelgiumBelçika
97%
DenmarkDanimarka
97%
RussiaRusya
97%
AustriaAvusturya
96%
BulgariaBulgaristan
96%
Switzerlandİsviçre
96%
LuxembourgLüksemburg
96%
NorwayNorveç
96%
RomaniaRomanya
96%
UkraineUkrayna
96%
GreeceYunanistan
96%
AndorraAndorra
95%
EstoniaEstonya
95%
FinlandFinlandiya
95%
Swedenİsveç
95%
MoldovaMoldova
95%
PolandPolonya
95%
SlovakiaSlovakya
95%
VaticanVatikan
95%
BelarusBelarus
94%
Irelandİrlanda
94%
KosovoKosova
94%
North MacedoniaKuzey Makedonya
94%
MaltaMalta
94%
United KingdomBirleşik Krallık
93%
NetherlandsHollanda
93%
MonacoMonako
93%
San MarinoSan Marino
93%
SerbiaSırbistan
93%
SloveniaSlovenya
93%
Bosnia and HerzegovinaBosna Hersek
91%
Icelandİzlanda
91%
LithuaniaLitvanya
90%
CzechiaÇekya
87%
AlbaniaArnavutluk
86%
CroatiaHırvatistan
86%
HungaryMacaristan
82%
LatviaLetonya
80%
MontenegroKaradağ
75%
LiechtesteinLihtenştayn
71%

Score Distribution

Percentile by Number Answered

Percent of People with Each Score

Your Score History

You have not taken this quiz since the last reset